00924cam a2200193 450000500170000000800410001705000190005805000210007724502040009825000110030226001250031330000260043850000060046465000440047065000470051465100480056171000770060971000440068620250821120701.0230213s mx fr 00| 0 eng|d04aHD82bI58 198704aZ1431 bI58 198700aInternational guide to research on Mexico = Guía Intenacional de Investigaciones sobre México c / Center for U.S.-Mexican Studes University of California, San Diego La Jolla, California, U.S.A.  a1a ed. aLa Joya, California :bThe University of California;aTijuana, Baja California :bEl Colegio de la Frontera Norte,c1987 axiv, 719 p. ;c23 cm. a  4aDesarrollo económicoxInvestigación 4aInvestigación zMéxicovbibliografía 72lembaMéxicoxBibliografíavCatálogos2 aUniversity of California, San Diego.bCenter for U.S.-Mexican Studiesb 2 aColegio de la Frontera Norte (México)